Integrated rural area development: a case study of Tahsil (Record no. 345017)

000 -LEADER
fixed length control field 00385cam a22001217a 4500
008 - FIXED-LENGTH DATA ELEMENTS--GENERAL INFORMATION
fixed length control field 180718b1985 xxu||||| |||| 00| 0 eng d
082 ## - DEWEY DECIMAL CLASSIFICATION NUMBER
Classification number B136x5421 G237
100 ## - MAIN ENTRY--PERSONAL NAME
Personal name Gaur, Archana
245 ## - TITLE STATEMENT
Title Integrated rural area development: a case study of Tahsil
Statement of responsibility, etc. by Archana Gaur
260 ## - PUBLICATION, DISTRIBUTION, ETC.
Place of publication, distribution, etc. Delhi
Name of publisher, distributor, etc. B.K. Publisher
Date of publication, distribution, etc. 1985
300 ## - PHYSICAL DESCRIPTION
Extent 251p.
650 ## - SUBJECT ADDED ENTRY--TOPICAL TERM
Topical term or geographic name entry element Rural development - India - Uttar Pradesh
Holdings
Withdrawn status Lost status Damaged status Not for loan Permanent Location Current Location Date acquired Full call number Barcode Date last seen Price effective from Koha item type
        Indian Institute of Public Administration Indian Institute of Public Administration 1993-10-06 B136x5421 G237 61434 2018-07-21 2018-07-21 Book

Powered by Koha